Heat transfer (Record no. 3641)

000 -LEADER
fixed length control field 00564nam a2200229 a 4500
001 - CONTROL NUMBER
control field 3641
003 - CONTROL NUMBER IDENTIFIER
control field BD-DhUET
008 - FIXED-LENGTH DATA ELEMENTS--GENERAL INFORMATION
fixed length control field 960506s1997 nyua b 001 0 eng
020 ## - INTERNATIONAL STANDARD BOOK NUMBER
International Standard Book Number 0071143203
020 ## - INTERNATIONAL STANDARD BOOK NUMBER
International Standard Book Number 0078447852
040 ## - CATALOGING SOURCE
Original cataloging agency DLC
Transcribing agency DLC
Modifying agency BD-DhUET
082 00 - DEWEY DECIMAL CLASSIFICATION NUMBER
Classification number 621.011
Item number HOL/1997
100 1# - MAIN ENTRY--PERSONAL NAME
Personal name Holman, J. P.
245 10 - TITLE STATEMENT
Title Heat transfer
250 ## - EDITION STATEMENT
Edition statement 8th ed.
260 ## - PUBLICATION, DISTRIBUTION, ETC. (IMPRINT)
Place of publication, distribution, etc. New York
Name of publisher, distributor, etc. McGraw-Hill
Date of publication, distribution, etc. 1997
300 ## - PHYSICAL DESCRIPTION
Extent xviii, 696 p.
Other physical details ill.
490 ## - SERIES STATEMENT
Series statement Schaum's outline series
504 ## - BIBLIOGRAPHY, ETC. NOTE
Bibliography, etc Includes bibliographies
650 #0 - SUBJECT ADDED ENTRY--TOPICAL TERM
Topical term or geographic name as entry element Heat transfer
942 ## - ADDED ENTRY ELEMENTS (KOHA)
Koha item type General Book
Holdings
Sublocation or collection (holding branch) Lost status Piece designation (barcode) Koha date last seen Koha normalized classification for sorting Koha item type Koha full call number Koha issues (times borrowed) Withdrawn status Copy number Location (home branch) Koha out on loan Price effective from Damaged status Date acquired Shelving location Not for loan Source of classification or shelving scheme Koha date last borrowed
Central Library, BUET 924502025-04-27621_011000000000000_HOL_1997General Book621.011/HOL/19973 1Central Library, BUET2025-05-112014-11-03 2014-11-03Circulation section  2025-04-27
Central Library, BUET 924522014-11-03621_011000000000000_HOL_1997General Book621.011/HOL/1997  2Central Library, BUET 2014-11-03 2014-11-03Circulation section   
Central Library, BUET 924532016-07-30621_000000000000000_011HOL1997General Book621.011/HOL/1997  3Central Library, BUET 2014-11-03 2014-11-03Circulation section   
Central Library, BUET 924542022-06-08621_000000000000000_011HOL1997General Book621.011/HOL/19971 4Central Library, BUET 2014-11-03 2014-11-03Circulation section  2022-01-09
Central Library, BUET 924552024-10-28621_000000000000000_011HOL1997General Book621.011/HOL/19972 5Central Library, BUET 2014-11-03 2014-11-03Circulation section  2024-10-02
Central Library, BUET 924572024-08-31621_000000000000000_011HOL1997General Book621.011/HOL/19973 6Central Library, BUET 2014-11-03 2014-11-03Circulation section  2023-12-10
Central Library, BUET 924592014-11-03621_000000000000000_011HOL1997General Book621.011/HOL/1997  7Central Library, BUET 2014-11-03 2014-11-03Circulation section   
Central Library, BUET 924602024-08-28621_011000000000000_HOL_1997General Book621.011/HOL/19971 8Central Library, BUET 2014-11-03 2014-11-03Circulation section  2024-03-12
Central Library, BUET 924612024-06-22621_000000000000000_011HOL1997General Book621.011/HOL/19971 9Central Library, BUET 2014-11-03 2014-11-03Circulation section  2024-04-08
Central Library, BUET 924622025-03-12621_000000000000000_011HOL1997General Book621.011/HOL/19975 10Central Library, BUET 2014-11-03 2014-11-03Circulation section  2024-12-10
Central Library, BUET 924642017-05-03621_000000000000000_011HOL1997General Book621.011/HOL/19971 11Central Library, BUET 2014-11-03 2014-11-03Circulation section  2015-03-04
Central Library, BUET 924652019-07-10621_000000000000000_011HOL1997General Book621.011/HOL/19973 12Central Library, BUET 2014-11-03 2014-11-03Circulation section  2019-06-17
Central Library, BUET 924662022-06-08621_000000000000000_011HOL1997General Book621.011/HOL/19973 13Central Library, BUET 2014-11-03 2014-11-03Circulation section  2022-05-24
Central Library, BUET 924682015-04-12621_011000000000000_HOL_1997General Book621.011 HOL/1997  14Central Library, BUET 2015-04-12 2015-04-12Circulation section   
Central Library, BUET 924472015-07-02621_011000000000000_HOL_1997Reading Item621.011/HOL/1997  15Central Library, BUET 2015-07-02 2015-07-02Reading section   
Central Library, BUET 924462015-07-09621_011000000000000_HOL_1997Reading Item621.011/HOL/1997  16Central Library, BUET 2015-07-09 2015-07-09Reading section